Historia ejemplar y atormentada del caballero con la mano en el pecho (Record no. 30131)
[ view plain ]
| 000 -LEADER | |
|---|---|
| campo de control de longitud fija | 00628nam a2200169 i 4500 |
| 001 - NÚMERO DE CONTROL | |
| campo de control | 30131 |
| 003 - IDENTIFICADOR DE NÚMERO DE CONTROL | |
| campo de control | ES-MaACL |
| 005 - FECHA Y HORA DE LA ÚLTIMA TRANSACCIÓN | |
| campo de control | 20251017063044.0 |
| 007 - CAMPO FIJO DE DESCRIPCIÓN FÍSICA--INFORMACIÓN GENERAL | |
| campo de control de longitud fija | t| |
| 008 - DATOS DE LONGITUD FIJA--INFORMACIÓN GENERAL | |
| campo de control de longitud fija | 030123s1930 sp ||||1| spa d |
| 100 1# - ENTRADA PRINCIPAL--NOMBRE DE PERSONA | |
| Nombre de persona | Barriobero y Herrán, Eduardo, |
| Fechas asociadas al nombre | 1875-1939 |
| 9 (RLIN) | 26012 |
| 245 10 - MENCIÓN DEL TÍTULO | |
| Título | Historia ejemplar y atormentada del caballero con la mano en el pecho |
| Resto del título | : (novela) / |
| Mención de responsabilidad, etc. | Eduardo Barriobero y Herrán. |
| 260 ## - PUBLICACIÓN, DISTRIBUCIÓN, ETC. | |
| Lugar de publicación, distribución, etc. | Madrid, etc. : |
| Nombre del editor, distribuidor, etc. | Compañía Ibero-Americana de Publicaciones, |
| Fecha de publicación, distribución, etc. | [1930] ( |
| Fabricante | Cia. General de Artes Gráficas) |
| 300 ## - DESCRIPCIÓN FÍSICA | |
| Extensión | 158 p. ; |
| Dimensiones | 21 cm. |
| 852 ## - LOCALIZACIÓN | |
| Ubicación | ES-MaACL |
| Número de control de estantería | C-4518 |
| Sublocalización o colección | R.24264 |
| Estatus retirado | Estado de pérdida | Estado de daño | No para préstamo | Biblioteca de origen | Biblioteca actual | Ubicación en estantería | Fecha de adquisición | Fuente de adquisición | Total de préstamos | Signatura topográfica completa | Código de barras | Visto por última vez | Precio de reemplazo | Tipo de ítem Koha |
|---|---|---|---|---|---|---|---|---|---|---|---|---|---|---|
| Biblioteca del Ateneo de Madrid | Biblioteca del Ateneo de Madrid | Sala Palomar | 17/01/2008 | C-4518 | 1031108 | 23/02/2023 | 23/02/2023 | Libro impreso |
